000 01925nam a2200313Ia 4500
000 nam a22 i 4500
001 UNACH-7311
007 ta
008 221212s ||||fr|||| 00| | spa d
020 _a978-6-07-768611-8
041 0 _aspa
082 0 4 _a070.4
_bPeriodismo
100 1 _aLópez Hidalgo, Antonio,
_eautor
245 1 0 _aGéneros periodísticos complementarios :
_bUna aproximación crítica a los formatos del periodismo visual.
264 3 1 _aMéxico :
_bAlfaomega Grupo Editor S.A,
_c[Fecha de publicación no identificada]
300 _a266 páginas :
_bilustraciones y tablas
336 _atexto
_btxt
_2rdacontent
337 _ano mediado
_bn
_2rdamedia
338 _avolumen
_bnc
_2rdacarrier
504 _aIncluye Contenido, Bibliografía y Hemerografía
505 0 _aGéneros periodísticos: controversias, desencuentros, clasificaciones y propuestas.-- Una aproximación crítica a los formatos del periodismo visual.-- Los géneros periodísticos complementarios.-- La estructura interna de los géneros periodísticos complementarios.-- Nuevos formatos de información gráfica en el periodismo visual: la infografía.--
520 3 _aEl relato interpretativo completo es la suma de cuatro ingredientes: acontecimiento principal, antecedentes y circunstancias actuales, reacciones e interpretaciones. El libro contiene elementos para el desarrollo del Periodismo de interpretación, la pieza fundamental que servía para contextualizar, explicar y analizar los hechos, el cordón umbilical que nos enlazaba el pasado con el presente y que posiblemente nos permita adivinar o esgrimir el futuro. Considera géneros periodísticos a la fotonoticia y la infografía y subgéneros al infograma y a los distintos gráficos informativos.
650 1 4 _aCOMUNICACIÓN
650 2 4 _aGRABACIÓN DE INFORMACIÓN
650 2 4 _aPRENSA
653 0 _aPeriodismo.
942 _2ddc
_c1
_n0
999 _c5911
_d5911